|
|
|
|
| LEADER |
01548njm a2200373 a 4500 |
| 001 |
000421847 |
| 003 |
CZ BrMZK |
| 005 |
20040802080946.0 |
| 008 |
950101s1959 xr f cze d |
| 028 |
0 |
3 |
|a DV 5550
|b Supraphon
|
| 040 |
|
|
|a BOA001
|b cze
|
| 080 |
|
|
|a 785.11
|2 MRF
|
| 080 |
|
|
|a 78.082.1(086.7)
|2 MRF
|
| 100 |
1 |
|
|a Hanuš, Jan,
|d 1915-2004
|7 jk01033474
|4 cmp
|
| 245 |
1 |
0 |
|a Koncertantní symfonie pro varhany, harfu, tympány a smyčce, op. 31 /
|c Jan Hanuš. Baladická suita pro velký orchestr, op. 9 / Eugen Suchoň.
|h [zvukový záznam]
|
| 260 |
|
|
|a Praha :
|b Supraphon,
|c 1959
|
| 300 |
|
|
|a 1 LP deska :
|b 33 ot/min ;
|c 30 cm
|
| 490 |
1 |
|
|a Gramofonový klub : základní řada
|
| 500 |
|
|
|a Durata neuv
|
| 500 |
|
|
|a Nahr. neuv
|
| 511 |
0 |
|
|a Jiří Rainberger, varhany; Bedřich Dobrodinský, harfa; Robert Mach, tympány. Česká filharmonie, dir. Karel Ančerl, dir. Václav Jiráček.
|
| 653 |
0 |
|
|a orchestrální suity
|a smyčcový orchestr
|a symfonický orchestr
|a symfonie
|a varhany
|
| 700 |
1 |
|
|a Dobrodinský, Bedřich,
|d 1896-1979
|7 jk01022448
|4 prf
|
| 700 |
1 |
|
|a Jiráček, Václav,
|d 1920-1966
|7 xx0006819
|4 cnd
|
| 700 |
1 |
|
|a Mach, Robert
|4 prf
|
| 700 |
1 |
|
|a Reinberger, Jiří,
|d 1914-1977
|7 jk01102207
|4 prf
|
| 700 |
1 |
|
|a Suchoň, Eugen,
|d 1908-1993
|7 jo20010086369
|4 cmp
|
| 700 |
1 |
|
|a Ančerl, Karel,
|d 1908-1973
|7 jn19990209006
|4 cnd
|
| 710 |
2 |
|
|a Česká filharmonie
|7 kn20010710169
|4 prf
|
| 830 |
|
0 |
|a Gramofonový klub
|
| 910 |
|
|
|a BOA001
|b LP-0004.877
|
| 964 |
|
|
|a Symfonie
|x LP
|
| 964 |
|
|
|a Orchestr symfonický
|x LP
|
| 990 |
|
|
|a AV
|